| 000 | 00568nam a2200157 i 4500 | ||
|---|---|---|---|
| 001 | 46702 | ||
| 003 | ES-MaACL | ||
| 005 | 20230906161430.0 | ||
| 007 | t| | ||
| 008 | 030331s1921 sp ||||1| spa d | ||
| 110 | 2 |
_aAsociación Española para el Progreso de las Ciencias. _bCongreso ( _n8º. _d1921. _cOporto) _91702 |
|
| 245 | 1 | 0 |
_aAsociación Española para el Progreso de las Ciencias _b: octavo congreso celebrado en la ciudad de Oporto. |
| 260 |
_aMadrid : _b[s.n., _c1921] ( _fEduardo Arias) |
||
| 300 |
_a10 t. en 2 v. ; _c24 cm. |
||
| 852 |
_aES-MaACL _jD-8654-55 |
||
| 999 |
_c46702 _d46702 |
||